000 02520nkm0a2200445 4500
001 RU\NLR\BIBL_A\022651640
005 20260406193144.0
035 _a(NLR Aleph) 022651640
090 _a13497888
_c13497888
100 _a20251022d1914 u y0rusy50 ca
101 0 _arus
102 _aRU
116 _aiiycxx bf ad
135 _acrcn 024anaba
181 0 _ab4
_bxb2e
182 0 _an
200 1 _aКазненный жизнью
_eсильная драма в 3-х частях
_eА. Дранков, Москва
_e[плакат]
_fС. М. Мухарский
203 _aИзображение
_bнеподвижное
_bдвухмерное
_bвизуальное
_cнепосредственное
210 _aМосква
_cлитогр. С. М. Мухарского
_d1914
215 _a1 л.
_cхромолитограф.
_d71,8х106,5
300 _aНа изобр. факс. подписи художника "С.М. Мухарский"
300 _aНа изобр. фабр. марка "А. Дранков" (2 павлина)
325 _aКопия доступна в Электрон. б-ке РНБ
606 1 _aКиноплакат русский
_z1908 - 1919
_92508567
_3RU\NLR\AUTH\6601702435
686 _aЩ153(2Р=Рус)53-465
700 1 _4040
_7ca
_8rus
_aМухарский
_bС. М.
_f1859-1928
_gСтепан Матвеевич
_3RU\NLR\AUTH\770143979
_9143943
712 0 2 _aМухарский,
_cМосква
_gС. М.,
_hтиполитография
_9533481
_3RU\NLR\AUTH\880434558
712 0 2 _4570
_a"Дранков А.О. и К", акционерное о-во
_cПетроград
_3RU\NLR\AUTH\889955811
_9407738
830 _aДатировка по: Вишневский В. Художественные фильмы дореволюционной России (Фильмографическое описание). - М., Госкиноиздат, 1945. - № 448
852 0 0 _aNLR
_bЭ
_jАфИс900-I/К148
_mинв.155244
856 0 _uhttps://vivaldi.nlr.ru/la000070869/view
856 1 _uhttps://vivaldi.nlr.ru/la000070869/cover
856 2 _uhttps://vivaldi.nlr.ru/la000070869/text
901 _eИзографические материалы
942 _cVISUAL
980 _aNB
981 1 7 _a(17) Изографические материалы
_b(17) Плакаты